Luxury homes sector in Hong Kong (Record no. 117710)

MARC details
000 -LEADER
fixed length control field 00956cam a2200217 4500
001 - CONTROL NUMBER
control field WB@3612-500
008 - FIXED-LENGTH DATA ELEMENTS--GENERAL INFORMATION
fixed length control field 040715n2004 000 0 eng u
035 ## - SYSTEM CONTROL NUMBER
System control number (Sirsi) u126796
245 ## - TITLE STATEMENT
Title Luxury homes sector in Hong Kong
260 ## - PUBLICATION, DISTRIBUTION, ETC.
Date of publication, distribution, etc. 2004
490 ## - SERIES STATEMENT
Series statement Surveyors' Times [Hong Kong Institute of Surveyors]
Volume/sequential designation 13 (6) June 2004, 30-31 (2)
520 ## - SUMMARY, ETC.
Summary, etc. Looks at the property market for luxury homes in Hong Kong. Since April 2003, the value of luxury residential properties (those priced HK$7m or above), has on average risen about 66.3% compared with the average increase of 49.6% in small to mid-sized flats. Considers whether the market can sustain this and looks at factors such as international firms sending senior staff to Hong Kong.
590 ## - LOCAL NOTE (RLIN)
Local note WB
590 ## - LOCAL NOTE (RLIN)
Local note WB
650 ## - SUBJECT ADDED ENTRY--TOPICAL TERM
Topical term or geographic name entry element HONG KONG
650 ## - SUBJECT ADDED ENTRY--TOPICAL TERM
Topical term or geographic name entry element HOUSE PRICES
650 ## - SUBJECT ADDED ENTRY--TOPICAL TERM
Topical term or geographic name entry element HOUSING MARKET FORECASTS
650 ## - SUBJECT ADDED ENTRY--TOPICAL TERM
Topical term or geographic name entry element LUXURY HOMES MARKET
690 ## - LOCAL SUBJECT ADDED ENTRY--TOPICAL TERM (OCLC, RLIN)
Topical term or geographic name as entry element HOUSING-MARKET
942 ## - ADDED ENTRY ELEMENTS (KOHA)
Suppress in OPAC 0
Holdings
Withdrawn status Lost status Source of classification or shelving scheme Damaged status Not for loan Home library Current library Shelving location Date acquired Total Checkouts Full call number Barcode Date last seen Copy number Price effective from Koha item type
    Dewey Decimal Classification     London London News article 15/07/2004   WB4027-12 126796-1001 06/08/2019 1 06/08/2019 News article